LEADER 01190nas a2200301 i 4500 001 000000256959 003 CaOOAMICUS 005 20180122000000.0 008 180122b2018 xxkuu u0 0eng r 013 $a235867 040 $aSeMil$bita 245 10$a[2018] /$c[Edited by Robin Gill]. 260 $aLondon :$bSPCK,$ccopyr. 2018. 260 $aLondon :$bSAGE Publications,$ccopyr. 2018. 300 $a24 cm. 500 $aFormulazione di responsabilità dalla copertina. - Articoli con sintesi in inglese [Abstract] in testa. - VOLUME IN COMPOSIZIONE. 700 1 $aGill, Robin,$d<1944- >.$0(OLS)http://semarc/name/80404 774 0 $tJanuary-February.$w()291861 774 0 $tMay-June.$w()336736 774 0 $tJuly-August.$w()336737 774 0 $tSeptember-October.$w()336738 774 0 $tNovember-December.$w()336739 850 $aSeMil 852 $aSeMil$W1$xVenegono$y1$m184 1 57$j216466$B207305$CSeMilBibl$Z2$F0 $85 961 $aAbbonamento: SPCK 996 $6245$a[2018]$9(OLS)http://semarc/title/412563 996 $6260$aLondon :$bSAGE Publications$9(OLS)http://semarc/publisher/44327 996 $6260$aLondon :$bSPCK$9(OLS)http://semarc/publisher/31034 LEADER 01006nam a2200217 i 4500 001 000000209401 003 CaOOAMICUS 005 20111215000000.0 008 111215s1871 it u000 u ita u 013 $a188191 040 $aSeMil$bita 100 1 $aMambelli, Marco Antonio.$0(OLS)http://semarc/name/11204 245 10$aTrattato delle particelle della lingua italiana /$copera del p. Marcantonio Mambelli ... detto il Cinonio ; compendiata da Basilio Puoti. 260 $aParma :$bTip. Fiaccadori,$c1871. 300 $aXI, 258 p. ;$c18 cm. 650 4$aLingua italiana - Grammatica - Opere anteriori al 1900.$0(OLS)http://semarc/subject/39005 700 1 $aPuoti, Basilio,$d<1782-1847>.$0(OLS)http://semarc/name/3282 850 $aSeMil 852 $aSeMil$W1$xVenegono$y1$m1T IV 39 FA$j159852$B159852$CSeMilBibl$Z2$F170885 $8I 996 $6245$aTrattato delle particelle della lingua italiana$9(OLS)http://semarc/title/302715 996 $6260$aParma :$bTip. Fiaccadori$9(OLS)http://semarc/publisher/52396